000 00683nam a2200229Ia 4500
003 GCL
008 140319s9999 xx 000 0 ara d
040 _aGCL /
_cGCL
082 0 4 _a812.009
_bا م
100 1 _aايمن لبيب عبده
245 1 0 _aمحمد تيمور رائد المسرح الاجتماعى /
_cايمن لبيب عبده
300 _a109 ص
490 _a
650 0 4 _aالادب العربى
650 0 4 _aالعصر الحديث
650 0 4 _aالمسرحيات
650 0 4 _aالادباء المصريون
650 0 4 _aتاريخ ونقد
650 0 4 _aالمسرحيات العربية
650 0 4 _aمحمد تيمور
942 _2ddc
_cBK
999 _c45126
_d45126